000 00310nam a22001337a 4500
008 170227b xxu||||| |||| 00| 0 eng d
020 _a047109935X
041 _aeng
080 _26TH
_a577
100 _a5
101 _aSHMD
245 _aELEMENTS OF GENERAL BIOLOGICAL CHEMISTRY
_cHOLUM, J.R
942 _2udc
_cBK
999 _c6313
_d6313